Women’s role in dialogue and conflict resolution in challenging times = (Record no. 15527)

MARC details
000 -BAŞLIK
Sabit Uzunlukta Kontrol Alanı 00788nam a22002057a 4500
999 ## - SİSTEM KONTROL NUMARALARI (KOHA)
Koha Biblionumber 15527
Koha Biblioitemnumber 15527
003 - KONTROL NUMARASI IDENTIFIER
Denetim Alanı MIRAKIL
005 - SON İŞLEM TARİHİ VE ZAMANI
Denetim Alanı 20240301103833.0
008 - SABİT-BOY VERİ ELEMANLARI - GENEL BİLGİLER
Sabit Uzunlukta Kontrol Alanı 240301b tu ||||| |||| 00| 0 tur d
020 ## - ULUSLARARASI STANDART KİTAP NUMARASI
Uluslararası Standart Kitap Numarası 9781911205258
040 ## - KATALOGLAMA KAYNAK
Orijinal Kataloglama Ajansı TR-AnCHP
Metne Dönüştürmek Ajansı TR-AnCHP
041 ## - DİL KODU
Metin / Ses Parça Veya Ayrı Başlığın Dil Kodu tur
082 ## - DEWEY ONLU SINIFLANDIRMA NUMARASI
Sınıflandırma Numarası 305.4
Ürün Numarası W65 2018
090 ## - SINIFLAMA NUMARASI
Sınıflama Numarası 305.4 W65 2018
240 ## - ÜNİFORM BAŞLIK
Üniforma Başlık <a href="zor zmaanlarda çatışma çözümü ve diyologda kadınların rolü">zor zmaanlarda çatışma çözümü ve diyologda kadınların rolü</a>
245 10 - BAŞLIK TABLOSU
Başlık Women’s role in dialogue and conflict resolution in challenging times =
Başlığın Kalan zor zmaanlarda çatışma çözümü ve diyologda kadınların rolü /
260 ## - YAYIN, DAĞITIM, VB
Yayın, Dağıtım, Vb Yeri London :
Yayıncı, Dağıtıcı, Vs Adı Demokratik Gelişim Enstitüsü,
Yayın, Dağıtım, Vb Tarihi 2018.
650 #0 - KONU KATMA GİRİŞ - TOPİKAL DÖNEM
9 (RLIN) 7632
Topikal Süreli Veya Coğrafi Ad Giriş Elemanı Kadın
Genel Alt Bölümü sosyal koşullar
856 ## - ELEKTRONİK YER VE ERİŞİM
Kamu Notu Dijital Nüshası için Partimizin Kütüphane Sorumlusu ile iletişime geçiniz.
942 ## - EKLENDİ GİRİŞ ELEMANLARI (KOHA)
Sınıflandırma Veya Raf Düzeni Kaynak Dewey Decimal Classification
Koha Öğesi Türü Books
Holdings
Kalıcı Konum Mevcut Konum Edinme Tarihi Toplam Check-Out'Lar Tam Çağrı Numarası Barkod Tarih Son Görülme İtibaren Geçerli Fiyatlar Koha Öğesi Türü
CHP Kütüphanesi CHP Kütüphanesi 03/01/2024   305.4 W65 2018 21402 03/01/2024 03/01/2024 Books